Was this after the moon landing? - Statistics

General Stats
  • This quiz has been taken 15 times
  • The average score is 9 of 15
Answer Stats
Question Answer % Correct
Angolan civil war After
90%
Cuban missile crisis Before
90%
Invention of electric car Before
90%
Invention of Wi-Fi After
80%
¨I have dream¨ speech, Martin Luther King jr. Before
80%
Scooby-Doo, Where Are You! debut After
70%
Stonewall Riots Before
70%
Christopher Nolan birth Before
70%
Invention of digital camera After
50%
The first video games invention (Tennis for two) Before
40%
Johnny Depp birth Before
40%
Brad Pitt birth Before
40%
Post-It Note invention After
30%
Woodstock Music Festival After
30%
The first email is sent Before
30%
No matching quizzes found
Score Distribution
Percent of People with Each Score
Percentile by Number Answered
Your Score History
You have not taken this quiz